| 000 | 00536cam a2200145 4500500 | ||
|---|---|---|---|
| 005 | 20251017185438.0 | ||
| 041 | _afre | ||
| 042 | _adc | ||
| 100 | 1 | 0 |
_aPewzner-Apeloig, Évelyne _eauthor |
| 245 | 0 | 0 | _aAvant Freud : un siècle de psychiatrie et de psychologie |
| 260 | _c2010. | ||
| 500 | _a7 | ||
| 786 | 0 | _nLes Grands Dossiers des Sciences Humaines | 21 | 12 | 2010-12-01 | p. 4-4 | 1777-375X | |
| 856 | 4 | 1 | _uhttps://shs.cairn.info/magazine-les-grands-dossiers-des-sciences-humaines-2010-12-page-4?lang=fr&redirect-ssocas=7080 |
| 999 |
_c1550865 _d1550865 |
||